[Event "Zagreb Open 2011 Grupo A"]
[Site "Zagreb CRO"]
[Date "2011.04.15"]
[Round "5.1"]
[White "Jovanic, Ognjen"]
[Black "Bosiocic, Marin"]
[Result "0-1"]
[WhiteElo "2480"]
[BlackElo "2561"]
[PlyCount "210"]
[EventDate "2011.04.11"]
[EventType "swiss"]
[EventRounds "9"]
[EventCountry "CRO"]
[Source "lmi"]
[SourceDate "2011.04.11"]

1. d4 e6 2. c4 f5 3. g3 Nf6 4. Bg2 Be7 5. Nf3 d6 6. O-O O-O 7. Nc3 a5 8. Qc2
Nc6 9. Rd1 Qe8 10. e4 fxe4 11. Nxe4 e5 12. c5 Qh5 13. cxd6 cxd6 14. dxe5 dxe5
15. Re1 Bg4 16. Nfg5 Nd4 17. Qc4+ Kh8 18. h3 Be2 19. Qc7 Nxe4 20. Nxe4 Bb4 21.
g4 Qg6 22. Bd2 Bxd2 23. Nxd2 Qf6 24. Ne4 Qf4 25. Qc1 Rac8 26. Qxf4 exf4 27.
Rac1 f3 28. Bf1 h5 29. gxh5 Nc2 30. Nd6 Rc5 31. Rxe2 Rg5+ 32. Kh1 fxe2 33. Bxe2
Nb4 34. a3 Nd5 35. Bg4 Nf6 36. Rc4 Rd5 37. Nf5 Rd2 38. b4 axb4 39. Rxb4 Rxf2
40. Rxb7 Rc8 41. Kg1 Ra2 42. Rb1 Rxa3 43. Rb2 Rac3 44. Kh2 Rc2+ 45. Rxc2 Rxc2+
46. Kg3 Kh7 47. Kf4 Rc4+ 48. Kf3 Ra4 49. Kg3 Ne4+ 50. Kf4 Nd6+ 51. Kg5 Ra5 52.
Kf4 Nxf5 53. Bxf5+ Kh6 54. Bg4 Kh7 55. Bf5+ Kh6 56. Bg4 Rc5 57. Bf3 Rc4+ 58.
Kf5 Rc8 59. Kg4 Rc1 60. Kf4 Rf1 61. Kg4 Rg1+ 62. Kf4 Rg5 63. Bg4 Ra5 64. Bf3
Kh7 65. Be4+ Kg8 66. Bg6 Kf8 67. h4 Ke7 68. h6 gxh6 69. h5 Kf6 70. Ke4 Ra4+ 71.
Ke3 Kg5 72. Bf7 Ra3+ 73. Ke4 Kg4 74. Bg6 Ra7 75. Ke3 Re7+ 76. Kd4 Kf4 77. Kd3
Rd7+ 78. Ke2 Rd5 79. Bf7 Rd6 80. Bg6 Rd7 81. Bb1 Re7+ 82. Kd2 Kf3 83. Bg6 Rd7+
84. Kc3 Ke3 85. Kc2 Rc7+ 86. Kd1 Rc8 87. Bf5 Rf8 88. Bg6 Rf2 89. Bh7 Rd2+ 90.
Kc1 Rd7 91. Bg6 Ke2 92. Kc2 Rc7+ 93. Kb3 Ke3 94. Kb4 Kd4 95. Kb3 Rc6 96. Kb2
Ke5 97. Kb3 Kf6 98. Kb4 Kg7 99. Be8 Re6 100. Ba4 Re4+ 101. Ka3 Kf6 102. Bd1 Re1
103. Bc2 Rh1 104. Bg6 Kg5 105. Kb2 Rxh5 0-1

[Event "Zagreb Open 2011 Grupo A"]
[Site "Zagreb CRO"]
[Date "2011.04.15"]
[Round "5.2"]
[White "Brkic, Ante"]
[Black "Kozul, Zdenko"]
[Result "0-1"]
[WhiteElo "2592"]
[BlackElo "2568"]
[PlyCount "68"]
[EventDate "2011.04.11"]
[EventType "swiss"]
[EventRounds "9"]
[EventCountry "CRO"]
[Source "lmi"]
[SourceDate "2011.04.11"]

1. e4 c5 2. Nf3 d6 3. d4 cxd4 4. Nxd4 Nf6 5. Nc3 Nc6 6. Bg5 e6 7. Qd2 a6 8.
O-O-O Bd7 9. f3 b5 10. g4 Ne5 11. a3 Rb8 12. Be3 Qc7 13. Kb1 h6 14. h4 d5 15.
exd5 b4 16. axb4 Bxb4 17. Ncb5 axb5 18. Qxb4 Nxd5 19. Qe1 O-O 20. g5 h5 21. Bf2
Nc4 22. Bg3 Qa7 23. Bxb8 Rxb8 24. c3 Ra8 25. Bxc4 bxc4 26. Kc2 Ba4+ 27. Kd2 Qb8
28. Rb1 Qf4+ 29. Ke2 e5 30. Qd2 exd4 31. Qxd4 Qg3 32. Rbg1 Nf4+ 33. Kd2 Qxf3
34. Rh2 Ne6 0-1

[Event "Zagreb Open 2011 Grupo A"]
[Site "Zagreb CRO"]
[Date "2011.04.15"]
[Round "5.3"]
[White "Papp, Gabor"]
[Black "Gleizerov, Evgeny"]
[Result "1/2-1/2"]
[WhiteElo "2539"]
[BlackElo "2579"]
[PlyCount "59"]
[EventDate "2011.04.11"]
[EventType "swiss"]
[EventRounds "9"]
[EventCountry "CRO"]
[Source "lmi"]
[SourceDate "2011.04.11"]

1. e4 e6 2. d4 d5 3. Nc3 Nf6 4. e5 Nfd7 5. f4 c5 6. Nf3 Nc6 7. Be3 Be7 8. Be2
O-O 9. Qd2 b6 10. Nd1 cxd4 11. Nxd4 Nxd4 12. Bxd4 Nb8 13. O-O Nc6 14. c3 Nxd4
15. cxd4 Bd7 16. Ne3 b5 17. Rf3 Qb6 18. Rd1 f6 19. exf6 Bxf6 20. Ng4 Rac8 21.
Nxf6+ Rxf6 22. g3 Rff8 23. Re3 Rc6 24. Bd3 Rfc8 25. Bb1 Be8 26. f5 Bf7 27. fxe6
Rxe6 28. Rxe6 Qxe6 29. Bd3 Bg6 30. Re1 1/2-1/2

[Event "Zagreb Open 2011 Grupo A"]
[Site "Zagreb CRO"]
[Date "2011.04.15"]
[Round "5.4"]
[White "Greenfeld, Alon"]
[Black "Saric, Ante"]
[Result "1-0"]
[WhiteElo "2571"]
[BlackElo "2491"]
[PlyCount "59"]
[EventDate "2011.04.11"]
[EventType "swiss"]
[EventRounds "9"]
[EventCountry "CRO"]
[Source "lmi"]
[SourceDate "2011.04.11"]

1. d4 Nf6 2. Nf3 e6 3. c4 Bb4+ 4. Nbd2 O-O 5. a3 Be7 6. e4 d5 7. e5 Nfd7 8. b4
a5 9. b5 c5 10. cxd5 exd5 11. Bd3 cxd4 12. Nb3 a4 13. Nbxd4 Nc5 14. Bc2 Nbd7
15. Nf5 Nb6 16. N3d4 g6 17. Nxe7+ Qxe7 18. O-O Qxe5 19. Re1 Qg7 20. Bb2 Bd7 21.
Bc3 f6 22. Bb4 Rfc8 23. Nc6 bxc6 24. Bxc5 Nc4 25. Re7 Qf8 26. Rxh7 Qxc5 27.
Bxg6 d4 28. Rxd7 cxb5 29. Qg4 Ne5 30. Bh7+ 1-0

[Event "Zagreb Open 2011 Grupo A"]
[Site "Zagreb CRO"]
[Date "2011.04.15"]
[Round "5.5"]
[White "Banusz, Tamas"]
[Black "Martinovic, Sasa"]
[Result "1/2-1/2"]
[WhiteElo "2563"]
[BlackElo "2504"]
[PlyCount "145"]
[EventDate "2011.04.11"]
[EventType "swiss"]
[EventRounds "9"]
[EventCountry "CRO"]
[Source "lmi"]
[SourceDate "2011.04.11"]

1. d4 d5 2. Nf3 Nf6 3. c4 c6 4. Nc3 e6 5. Qb3 dxc4 6. Qxc4 b5 7. Qd3 Nbd7 8.
Bg5 Bb7 9. e4 b4 10. Na4 Qa5 11. b3 c5 12. Bxf6 gxf6 13. d5 O-O-O 14. Be2 f5
15. dxe6 Nb6 16. Nxb6+ Qxb6 17. Qe3 fxe6 18. exf5 exf5 19. Qe5 Bd6 20. Qxf5+
Kb8 21. O-O Rdf8 22. Qh5 Rhg8 23. Rad1 Bc7 24. Rd5 Bxd5 25. Qxd5 Qd6 26. Qc4
Rd8 27. g3 Rge8 28. Rc1 Qd5 29. Qxd5 Rxd5 30. Rc2 a5 31. Kg2 Ka7 32. Bc4 Rd1
33. Bb5 Re7 34. Rxc5 Kb6 35. Rh5 Ra1 36. Bc4 Rxa2 37. Rb5+ Kc6 38. Nd4+ Kd7 39.
Rd5+ Ke8 40. Bb5+ Kf8 41. Rf5+ Kg7 42. Bc4 Bb6 43. Ne6+ Kg6 44. Bd3 Rd2 45.
Rf3+ Kh5 46. Rf5+ Kg6 47. Rf3+ Kh5 48. Bf5 Rxf2+ 49. Rxf2 Bxf2 50. Kxf2 Rf7 51.
Nf4+ Kg5 52. Bc2 Kh6 53. Ke3 Rc7 54. Kd2 Rd7+ 55. Bd3 Kg5 56. Ke3 h6 57. Bb5
Rd1 58. Ne2 Rb1 59. Ba4 Rd1 60. Nd4 Rh1 61. Bc6 Rb1 62. Bd7 Kf6 63. h4 Ke5 64.
Ba4 Re1+ 65. Kf2 Ra1 66. Nc6+ Ke4 67. Kg2 Ra2+ 68. Kh3 Kf3 69. Nxa5 Ra1 70. Kh2
Ra2+ 71. Kh3 Ra1 72. Bc6+ Kf2 73. Ba4 1/2-1/2

[Event "Zagreb Open 2011 Grupo A"]
[Site "Zagreb CRO"]
[Date "2011.04.15"]
[Round "5.6"]
[White "Gajewski, Grzegorz"]
[Black "Palac, Mladen"]
[Result "1/2-1/2"]
[WhiteElo "2567"]
[BlackElo "2586"]
[PlyCount "52"]
[EventDate "2011.04.11"]
[EventType "swiss"]
[EventRounds "9"]
[EventCountry "CRO"]
[Source "lmi"]
[SourceDate "2011.04.11"]

1. d4 Nf6 2. c4 e6 3. Nc3 Bb4 4. e3 O-O 5. Bd3 d5 6. Nf3 b6 7. O-O Bb7 8. cxd5
exd5 9. a3 Bd6 10. b4 a6 11. Qb3 Qe7 12. Rb1 Nbd7 13. a4 c6 14. Nd2 a5 15. bxa5
Rxa5 16. e4 dxe4 17. Ndxe4 c5 18. d5 Nxe4 19. Bxe4 c4 20. Qc2 Nf6 21. Re1 Qd7
22. Bd2 Nxe4 23. Rxe4 Bxd5 24. Rh4 g6 25. Bh6 Re8 26. Nxd5 Rxd5 1/2-1/2

[Event "Zagreb Open 2011 Grupo A"]
[Site "Zagreb CRO"]
[Date "2011.04.15"]
[Round "5.7"]
[White "Postny, Evgeny"]
[Black "Ulibin, Mikhail"]
[Result "1-0"]
[WhiteElo "2585"]
[BlackElo "2521"]
[PlyCount "77"]
[EventDate "2011.04.11"]
[EventType "swiss"]
[EventRounds "9"]
[EventCountry "CRO"]
[Source "lmi"]
[SourceDate "2011.04.11"]

1. d4 e6 2. c4 f5 3. g3 Nf6 4. Bg2 c6 5. Qc2 d5 6. Nh3 Bd6 7. O-O O-O 8. Bf4
Be7 9. Nd2 Nh5 10. Nf3 Nd7 11. Bd2 Bd6 12. e3 Qe7 13. Nf4 Nhf6 14. a3 Ne4 15.
Bb4 Bxb4 16. axb4 dxc4 17. Qxc4 Nb6 18. Qa2 Nd5 19. b5 Nb4 20. Qb3 cxb5 21.
Rfc1 a6 22. Ne5 g5 23. Nfd3 Nd5 24. Bxe4 fxe4 25. Nc5 b6 26. Nxe4 Bb7 27. Nd2
Rac8 28. Qd1 Nf6 29. Rxc8 Rxc8 30. Rc1 Qd8 31. h3 Rxc1 32. Qxc1 Qd5 33. Ndf3
Ne8 34. e4 Qd8 35. Nxg5 Qf6 36. Qe3 Nd6 37. Ng4 Qe7 38. Qf4 Ne8 39. Qe5 1-0

[Event "Zagreb Open 2011 Grupo A"]
[Site "Zagreb CRO"]
[Date "2011.04.15"]
[Round "5.8"]
[White "Petkov, Vladimir"]
[Black "Jovanovic, Zoran"]
[Result "1/2-1/2"]
[WhiteElo "2493"]
[BlackElo "2544"]
[PlyCount "81"]
[EventDate "2011.04.11"]
[EventType "swiss"]
[EventRounds "9"]
[EventCountry "CRO"]
[Source "lmi"]
[SourceDate "2011.04.11"]

1. d4 Nf6 2. c4 d6 3. Nf3 g6 4. Nc3 Bg7 5. e4 O-O 6. h3 e5 7. d5 a5 8. Bg5 Qe8
9. g4 Nfd7 10. Rg1 Nc5 11. h4 Kh8 12. h5 gxh5 13. gxh5 f5 14. Nh4 fxe4 15. Be3
Nba6 16. Rh1 Rf4 17. Be2 Qe7 18. Ng2 Rf7 19. Kd2 Bf6 20. Qg1 Bd7 21. Qh2 Bg5
22. Nh4 Rf4 23. Ng6+ hxg6 24. hxg6+ Kg7 25. Qh7+ Kf6 26. Rag1 Qxh7 27. gxh7 Rh8
28. Rh5 Bf5 29. Rhxg5 Rh4 30. Nb5 R4xh7 31. Rg8 Nd3 32. b3 Rxg8 33. Rxg8 Rh2
34. Rf8+ Kg6 35. Bxd3 exd3 36. Rg8+ Kf7 37. Ra8 Ke7 38. Bg5+ Kf7 39. Be3 Ke7
40. Bg5+ Kf7 41. Be3 1/2-1/2

[Event "Zagreb Open 2011 Grupo A"]
[Site "Zagreb CRO"]
[Date "2011.04.15"]
[Round "5.9"]
[White "Zufic, Miroslav"]
[Black "Petrov, Marijan"]
[Result "0-1"]
[WhiteElo "2395"]
[BlackElo "2534"]
[PlyCount "88"]
[EventDate "2011.04.11"]
[EventType "swiss"]
[EventRounds "9"]
[EventCountry "CRO"]
[Source "lmi"]
[SourceDate "2011.04.11"]

1. e4 g6 2. d4 Bg7 3. Nc3 c6 4. Nf3 d6 5. Be3 Nf6 6. h3 O-O 7. Qd2 Nbd7 8. Bd3
e5 9. O-O Qe7 10. Rfe1 b6 11. a4 a6 12. dxe5 dxe5 13. Ne2 a5 14. Qc3 Bb7 15.
Nd2 Rfb8 16. Nc1 Bf8 17. Ncb3 Qe8 18. Bc4 Rd8 19. Qd3 b5 20. axb5 a4 21. Nc1
Nb6 22. Qe2 Nxc4 23. Nxc4 cxb5 24. Nd2 Qc6 25. Nf3 Re8 26. Nd3 Qxe4 27. Nc5
Bxc5 28. Bxc5 Qxe2 29. Rxe2 Bxf3 30. gxf3 Rad8 31. Rae1 Rd5 32. Ba3 Re6 33. Kh2
Kg7 34. Bb4 Nh5 35. Bc3 f6 36. Re4 Rc6 37. R1e3 Nf4 38. Rb4 Rdc5 39. Re1 Nd5
40. Rbe4 Nxc3 41. bxc3 Rxc3 42. f4 Rxc2 43. fxe5 fxe5 44. Rxe5 Rxf2+ 0-1

[Event "Zagreb Open 2011 Grupo A"]
[Site "Zagreb CRO"]
[Date "2011.04.15"]
[Round "5.10"]
[White "Stevic, Hrvoje"]
[Black "Sale, Srdan"]
[Result "1-0"]
[WhiteElo "2611"]
[BlackElo "2380"]
[PlyCount "131"]
[EventDate "2011.04.11"]
[EventType "swiss"]
[EventRounds "9"]
[EventCountry "CRO"]
[Source "lmi"]
[SourceDate "2011.04.11"]

1. e4 c5 2. c3 d5 3. exd5 Qxd5 4. d4 Nf6 5. Nf3 Bg4 6. Be2 e6 7. h3 Bh5 8. O-O
Nc6 9. Be3 cxd4 10. cxd4 Be7 11. Nc3 Qa5 12. Qb3 Qb4 13. g4 Bg6 14. Ne5 O-O 15.
g5 Qxb3 16. axb3 Nd5 17. Nxd5 exd5 18. Nxc6 bxc6 19. Rfc1 Bf5 20. Bg4 Bxg4 21.
hxg4 f5 22. Rxc6 f4 23. Bd2 Bxg5 24. Ra5 Bd8 25. Rxd5 Bb6 26. Bc3 f3 27. Kh2
Rf7 28. Re6 Rb8 29. Kh3 g6 30. Rde5 Kf8 31. Re4 Rd8 32. g5 Rfd7 33. Rf6+ Rf7
34. Rfe6 Rd5 35. Kg4 Bd8 36. Re8+ Kg7 37. R8e5 Rf5 38. Rxd5 Rxd5 39. Bd2 Kf7
40. Bf4 Bb6 41. Be5 Rb5 42. Rf4+ Ke6 43. Rxf3 Kd5 44. Rh3 a5 45. f4 Ke4 46. Bf6
Rf5 47. Be5 Bxd4 48. Bd6 Rf7 49. Rh2 Rb7 50. Be5 Be3 51. Rh1 Bd2 52. Rd1 Bb4
53. Rd4+ Ke3 54. Rc4 Kd3 55. Kf3 Re7 56. Kg4 Rb7 57. Bf6 Rf7 58. f5 gxf5+ 59.
Kxf5 Rb7 60. Kg4 Bd2 61. Bc3 Be3 62. Ra4 Kc2 63. Rxa5 Kxb3 64. Kh5 Bc1 65. Kh6
Rb6+ 66. Kxh7 1-0

[Event "Zagreb Open 2011 Grupo A"]
[Site "Zagreb CRO"]
[Date "2011.04.15"]
[Round "5.11"]
[White "Smith, Bryan G"]
[Black "Burmakin, Vladimir"]
[Result "1/2-1/2"]
[WhiteElo "2466"]
[BlackElo "2594"]
[PlyCount "63"]
[EventDate "2011.04.11"]
[EventType "swiss"]
[EventRounds "9"]
[EventCountry "CRO"]
[Source "lmi"]
[SourceDate "2011.04.11"]

1. e4 c6 2. d4 d5 3. f3 Qb6 4. Nc3 dxe4 5. fxe4 e5 6. dxe5 Be6 7. Nf3 Nd7 8.
Ng5 O-O-O 9. Nxe6 fxe6 10. Bc4 Nxe5 11. Bxe6+ Kb8 12. Qe2 Nf6 13. Bb3 Bb4 14.
Bd2 Bxc3 15. bxc3 Rde8 16. O-O-O Ng6 17. e5 Nd5 18. e6 Qc5 19. Kb2 Re7 20. Rhe1
Rhe8 21. Qh5 Qf2 22. Qxh7 Qxg2 23. Rg1 Nf8 24. Qf5 Qe2 25. c4 g6 26. Qg5 Nxe6
27. Qg3+ Ndc7 28. Rge1 Qh5 29. Bg5 Qh8+ 30. Qe5 Qxe5+ 31. Rxe5 Rh7 32. c5
1/2-1/2

[Event "Zagreb Open 2011 Grupo A"]
[Site "Zagreb CRO"]
[Date "2011.04.15"]
[Round "5.12"]
[White "Zelcic, Robert"]
[Black "Bukal, Vladimir Jr"]
[Result "1-0"]
[WhiteElo "2550"]
[BlackElo "2402"]
[PlyCount "76"]
[EventDate "2011.04.11"]
[EventType "swiss"]
[EventRounds "9"]
[EventCountry "CRO"]
[Source "lmi"]
[SourceDate "2011.04.11"]

1. e4 e6 2. d4 d5 3. Nc3 Bb4 4. e5 c5 5. dxc5 Qc7 6. Nf3 Nd7 7. Bd3 Nxe5 8. O-O
Bxc3 9. bxc3 Nxd3 10. Qxd3 Qxc5 11. a4 Ne7 12. Ba3 Qc7 13. Rfe1 h6 14. Ne5 O-O
15. Qf3 b6 16. a5 Ba6 17. Bb4 d4 18. cxd4 Bb7 19. Qa3 Nf5 20. a6 Bd5 21. Bxf8
Rxf8 22. Qd3 b5 23. Reb1 Nd6 24. Rc1 Rc8 25. h3 h5 26. Qe2 Qc3 27. Qxh5 Qxd4
28. Nf3 Qf6 29. Qe5 Qe7 30. Rd1 Nc4 31. Qf4 Nd6 32. Ng5 Rc4 33. Qd2 Qf6 34. Qe3
Nf5 35. Qxa7 Qxg5 36. Rxd5 exd5 37. Qb8+ Kh7 38. a7 Ne3 1-0

[Event "Zagreb Open 2011 Grupo A"]
[Site "Zagreb CRO"]
[Date "2011.04.15"]
[Round "5.13"]
[White "Zelic, Zdravko"]
[Black "Drazic, Sinisa"]
[Result "1-0"]
[WhiteElo "2391"]
[BlackElo "2467"]
[PlyCount "87"]
[EventDate "2011.04.11"]
[EventType "swiss"]
[EventRounds "9"]
[EventCountry "CRO"]
[Source "lmi"]
[SourceDate "2011.04.11"]

1. e4 e6 2. d4 d5 3. Nc3 Nf6 4. e5 Nfd7 5. f4 c5 6. Nf3 Nc6 7. Be3 Qb6 8. Na4
Qa5+ 9. c3 c4 10. b4 Qc7 11. Nb2 b5 12. a4 Rb8 13. axb5 Rxb5 14. Qc2 Nb6 15.
Be2 a5 16. bxa5 Nxa5 17. O-O Nb3 18. Ra2 Be7 19. g4 O-O 20. Nd1 Ra5 21. Rxa5
Nxa5 22. Nf2 Qd7 23. Bd1 f5 24. exf6 gxf6 25. g5 f5 26. Ne5 Qe8 27. Kh1 Nd7 28.
Nh3 Kg7 29. Rg1 Nb7 30. Qf2 Rg8 31. Qh4 Nxe5 32. fxe5 Kh8 33. Nf4 Qd8 34. Nh5
Bd7 35. Bf4 Be8 36. Nf6 Rg7 37. Bh5 Ba4 38. g6 Bc2 39. Bf3 Qg8 40. Bg5 Qd8 41.
Bh6 Bxf6 42. exf6 Rxg6 43. Rxg6 hxg6 44. f7 1-0

[Event "Zagreb Open 2011 Grupo A"]
[Site "Zagreb CRO"]
[Date "2011.04.15"]
[Round "5.14"]
[White "Ivekovic, Zvonimir"]
[Black "Jankovic, Alojzije"]
[Result "1/2-1/2"]
[WhiteElo "2308"]
[BlackElo "2563"]
[PlyCount "142"]
[EventDate "2011.04.11"]
[EventType "swiss"]
[EventRounds "9"]
[EventCountry "CRO"]
[Source "lmi"]
[SourceDate "2011.04.11"]

1. e4 c5 2. Nf3 Nc6 3. c4 e5 4. Nc3 g6 5. d3 Bg7 6. Bg5 f6 7. Be3 d6 8. Qd2
Nge7 9. Be2 a6 10. Nd5 O-O 11. h4 Nxd5 12. cxd5 Nd4 13. Nxd4 cxd4 14. Bh6 Bxh6
15. Qxh6 Bd7 16. O-O-O Ba4 17. Rd2 Rf7 18. Kb1 Rc8 19. g3 Qf8 20. Qxf8+ Rcxf8
21. b3 Bd7 22. g4 f5 23. exf5 gxf5 24. g5 e4 25. f3 exf3 26. Bxf3 Re7 27. Rf1
Re3 28. Bg2 Bb5 29. Rf3 Rfe8 30. a4 Bd7 31. Rf4 Rg3 32. Kc2 Re1 33. Rdf2 Rg4
34. Bf1 Kg7 35. Bh3 Rxf4 36. Rxf4 Kg6 37. Bf1 h6 38. gxh6 Kxh6 39. Kd2 Rb1 40.
Kc2 Ra1 41. Be2 Ra2+ 42. Kd1 Rb2 43. Rxd4 Rxb3 44. Kc1 a5 45. Bd1 Rc3+ 46. Kd2
Rc5 47. Rc4 Rxc4 48. dxc4 f4 49. Kc3 b6 50. Kd4 Bf5 51. Kc3 Kg6 52. Kd4 Kf6 53.
Bh5 Bc2 54. Be8 Kf5 55. Bd7+ Kg6 56. Be8+ Kh6 57. Kc3 Bg6 58. Bxg6 Kxg6 59. Kd3
Kh5 60. Ke4 Kg4 61. h5 f3 62. Ke3 Kg3 63. h6 f2 64. h7 f1=Q 65. h8=Q Qxc4 66.
Qg7+ Qg4 67. Qf6 Qxa4 68. Qxd6+ Kg4 69. Qg6+ Kh3 70. Qh6+ Kg2 71. Qg6+ Kh2
1/2-1/2

[Event "Zagreb Open 2011 Grupo A"]
[Site "Zagreb CRO"]
[Date "2011.04.15"]
[Round "5.15"]
[White "Kovacevic, Blazimir"]
[Black "Loncar, Robert"]
[Result "1/2-1/2"]
[WhiteElo "2466"]
[BlackElo "2394"]
[PlyCount "105"]
[EventDate "2011.04.11"]
[EventType "swiss"]
[EventRounds "9"]
[EventCountry "CRO"]
[Source "lmi"]
[SourceDate "2011.04.11"]

1. c4 Nf6 2. Nf3 e6 3. g3 d5 4. Bg2 Be7 5. O-O O-O 6. d4 c6 7. Nbd2 Nbd7 8. Qc2
b6 9. e4 Ba6 10. b3 c5 11. exd5 exd5 12. Bb2 Rc8 13. Qf5 g6 14. Qh3 cxd4 15.
Nxd4 Nc5 16. Rad1 Nd3 17. Ba1 Rc5 18. Bxd5 Nxd5 19. Ne4 N5b4 20. Qh6 Re5 21.
Nf3 f6 22. Nxe5 fxe5 23. a3 Bb7 24. axb4 Bxe4 25. Qe3 Bf5 26. Bxe5 Bxb4 27. g4
Qe7 28. Bd4 Qxe3 29. Bxe3 Bxg4 30. Rxd3 Be2 31. Rd7 Bxf1 32. Kxf1 Rf7 33. Rd8+
Rf8 34. Rd5 Re8 35. Rd7 Re7 36. Rd8+ Kf7 37. Ra8 Ke6 38. Ke2 Kf5 39. Kf3 Rd7
40. h3 Rb7 41. Rc8 Rd7 42. Ke2 Re7 43. Rh8 Ke5 44. Rd8 Ke6 45. Kd3 Rf7 46. Ke4
Rc7 47. Bf4 Rf7 48. Rc8 Bd6 49. Be3 Kd7 50. Ra8 Kc6 51. Rc8+ Kb7 52. Re8 Kc6
53. Rc8+ 1/2-1/2

[Event "Zagreb Open 2011 Grupo A"]
[Site "Zagreb CRO"]
[Date "2011.04.15"]
[Round "5.16"]
[White "Doric, Darko"]
[Black "Dutina, Dario"]
[Result "0-1"]
[WhiteElo "2464"]
[BlackElo "2282"]
[PlyCount "74"]
[EventDate "2011.04.11"]
[EventType "swiss"]
[EventRounds "9"]
[EventCountry "CRO"]
[Source "lmi"]
[SourceDate "2011.04.11"]

1. d4 f5 2. c4 e6 3. g3 d5 4. Bg2 c6 5. Qc2 Bd6 6. Nh3 Nf6 7. O-O O-O 8. Bf4
Na6 9. Bxd6 Qxd6 10. Nf4 b6 11. Nd2 Bb7 12. Nd3 c5 13. dxc5 bxc5 14. Rfd1 Rab8
15. cxd5 exd5 16. b3 Ne4 17. Rac1 Rbc8 18. e3 Qb6 19. Qb2 Nb4 20. Nxb4 Qxb4 21.
Nxe4 fxe4 22. Bh3 Rcd8 23. a3 Qb6 24. b4 d4 25. Rxc5 dxe3 26. Qb3+ Kh8 27. fxe3
Rxd1+ 28. Qxd1 Qh6 29. Rf5 Rc8 30. Qf1 Qxe3+ 31. Kh1 Rg8 32. Rf8 Bd5 33. Rxg8+
Bxg8 34. Qf8 Qc1+ 35. Kg2 Qb2+ 36. Kg1 e3 37. Bg4 e2 0-1

[Event "Zagreb Open 2011 Grupo A"]
[Site "Zagreb CRO"]
[Date "2011.04.15"]
[Round "5.17"]
[White "Armanda, Ivica"]
[Black "Fercec, Nenad"]
[Result "1/2-1/2"]
[WhiteElo "2389"]
[BlackElo "2452"]
[PlyCount "44"]
[EventDate "2011.04.11"]
[EventType "swiss"]
[EventRounds "9"]
[EventCountry "CRO"]
[Source "lmi"]
[SourceDate "2011.04.11"]

1. e4 c5 2. Nf3 d6 3. d4 cxd4 4. Qxd4 Bd7 5. c4 Nc6 6. Qd1 g6 7. Nc3 Bg7 8. Be2
Rc8 9. O-O Nf6 10. Bg5 O-O 11. h3 Na5 12. Nd2 a6 13. Rc1 Nc6 14. Nf3 Be6 15. b3
Qa5 16. Bd2 Qa3 17. Rc2 Qa5 18. Qb1 Qc5 19. Be3 Qa5 20. Bd2 Qc5 21. Be3 Qa5 22.
Bd2 Qc5 1/2-1/2

[Event "Zagreb Open 2011 Grupo A"]
[Site "Zagreb CRO"]
[Date "2011.04.15"]
[Round "5.18"]
[White "Zelic, Mladen"]
[Black "Pacher, Milan"]
[Result "1/2-1/2"]
[WhiteElo "2274"]
[BlackElo "2415"]
[PlyCount "85"]
[EventDate "2011.04.11"]
[EventType "swiss"]
[EventRounds "9"]
[EventCountry "CRO"]
[Source "lmi"]
[SourceDate "2011.04.11"]

1. e4 c5 2. d4 cxd4 3. c3 Nf6 4. e5 Nd5 5. Nf3 e6 6. cxd4 Nc6 7. a3 d6 8. Bd3
dxe5 9. dxe5 g6 10. O-O Bg7 11. Re1 O-O 12. Qe2 b6 13. Bd2 Bb7 14. Nc3 Nxc3 15.
Bxc3 Qc7 16. Rac1 Rfd8 17. h4 Rac8 18. h5 Rd5 19. Be4 Rc5 20. hxg6 hxg6 21. b4
Nxb4 22. axb4 Rxc3 23. Rxc3 Qxc3 24. Bxb7 Rc7 25. Qa6 Qxb4 26. Qxa7 Bf8 27. Qb8
Rc2 28. Be4 Rb2 29. Qd8 b5 30. Bd3 Qa3 31. Ng5 Qa7 32. Re3 Qa1+ 33. Kh2 Rxf2
34. Be2 Qc1 35. Qd3 Bc5 36. Qd8+ Bf8 37. Rh3 Qc5 38. Bf3 Qxe5+ 39. Rg3 Rf1 40.
Ne4 Qh8+ 41. Rh3 Qe5+ 42. Rg3 Qh8+ 43. Rh3 1/2-1/2

[Event "Zagreb Open 2011 Grupo A"]
[Site "Zagreb CRO"]
[Date "2011.04.15"]
[Round "5.20"]
[White "Efroimski, Marsel"]
[Black "Kantorik, Marian"]
[Result "0-1"]
[WhiteElo "2222"]
[BlackElo "2320"]
[PlyCount "122"]
[EventDate "2011.04.11"]
[EventType "swiss"]
[EventRounds "9"]
[EventCountry "CRO"]
[Source "lmi"]
[SourceDate "2011.04.11"]

1. e4 g6 2. d4 Bg7 3. Nc3 d6 4. Be3 a6 5. a4 Nd7 6. Qd2 b6 7. f3 Bb7 8. d5 c6
9. Bd4 Ngf6 10. dxc6 Bxc6 11. g4 h6 12. h4 Nc5 13. Rh2 Ne6 14. Be3 b5 15. e5
Nd7 16. exd6 exd6 17. axb5 axb5 18. Rd1 b4 19. Nb5 O-O 20. Nxd6 Bxb2 21. Kf2
Bc3 22. Qe2 Qb8 23. Rh3 Ra2 24. h5 b3 25. hxg6 Rxc2 26. gxf7+ Rxf7 27. Nxf7
Rxe2+ 28. Nxe2 Bf6 29. Nxh6+ Kf8 30. Bg2 b2 31. Rhh1 Ba4 32. Rdf1 Bc2 33. f4
b1=Q 34. Rxb1 Bxb1 35. g5 Bg7 36. f5 Nec5 37. Rd1 Nd3+ 38. Kg1 Qb3 39. Rf1 Ne1
40. Ng4 Nxg2 41. Kxg2 Be4+ 42. Kf2 Bxf5 43. Kg1 Qd3 44. Ng3 Qxf1+ 45. Kxf1 Bxg4
46. Ne4 Kf7 47. Kf2 Bd1 48. Kg3 Kg6 49. Nf2 Be2 50. Nh3 Kf5 51. Bf4 Bc3 52. Bd6
Ne5 53. Bc5 Nd3 54. Bd6 Be1+ 55. Kg2 Kg4 56. g6 Bf3+ 57. Kh2 Bc3 58. Bg3 Kf5
59. Bc7 Bh5 60. g7 Bxg7 61. Kg3 Bc3 0-1

[Event "Zagreb Open 2011 Grupo A"]
[Site "Zagreb CRO"]
[Date "2011.04.15"]
[Round "5.22"]
[White "Franciskovic, Borka"]
[Black "Brumen, Dinko"]
[Result "1/2-1/2"]
[WhiteElo "2302"]
[BlackElo "2351"]
[PlyCount "142"]
[EventDate "2011.04.11"]
[EventType "swiss"]
[EventRounds "9"]
[EventCountry "CRO"]
[Source "lmi"]
[SourceDate "2011.04.11"]

1. g3 Nf6 2. Bg2 d5 3. Nf3 e6 4. O-O Be7 5. d4 O-O 6. c4 c6 7. Qc2 Nbd7 8. b3
b6 9. Rd1 Ba6 10. Nbd2 Rc8 11. e4 c5 12. exd5 exd5 13. Nf1 cxd4 14. Nxd4 b5 15.
Ne3 Nb6 16. Qd2 bxc4 17. Qa5 Bb7 18. Qxa7 Ba8 19. Nef5 Bc5 20. Ne6 Nbd7 21.
Nxd8 Bxa7 22. Ne7+ Kh8 23. Nxc8 Bc5 24. Nxf7+ Rxf7 25. Be3 Ba3 26. bxc4 Rf8 27.
Nb6 Nxb6 28. Bxb6 dxc4 29. Bxa8 Rxa8 30. Bd4 Rc8 31. Rd2 Nd5 32. Rb1 c3 33. Rc2
Bb4 34. a3 Bxa3 35. Rxc3 Nxc3 36. Bxc3 Kg8 37. Rb3 Bc5 38. Kg2 h6 39. Bb2 Rc7
40. Rb5 Bd6 41. Rd5 Rc6 42. Rb5 Rc7 43. f4 g6 44. Rb6 Kf7 45. Kf3 Be7 46. g4
Rc2 47. h3 h5 48. gxh5 gxh5 49. Ke4 Rh2 50. Rb3 h4 51. Bd4 Rh1 52. Kf5 Rd1 53.
Be5 Rd7 54. Rb6 Bf8 55. Rf6+ Ke8 56. Re6+ Kf7 57. Ra6 Rb7 58. Kg4 Be7 59. Rh6
Rb4 60. Rh7+ Ke6 61. Rh6+ Kf7 62. Bd6 Bxd6 63. Rxd6 Kg7 64. Rd5 Kg6 65. Rg5+
Kf6 66. Rh5 Kg6 67. Rxh4 Rb1 68. Rh8 Rg1+ 69. Kh4 Rf1 70. Rg8+ Kh6 71. Rg4 Rf3
1/2-1/2

[Event "Zagreb Open 2011 Grupo A"]
[Site "Zagreb CRO"]
[Date "2011.04.16"]
[Round "6.1"]
[White "Bosiocic, Marin"]
[Black "Greenfeld, Alon"]
[Result "1/2-1/2"]
[WhiteElo "2561"]
[BlackElo "2571"]
[PlyCount "25"]
[EventDate "2011.04.11"]
[EventType "swiss"]
[EventRounds "9"]
[EventCountry "CRO"]
[Source "lmi"]
[SourceDate "2011.04.11"]

1. d4 Nf6 2. c4 g6 3. Nc3 d5 4. cxd5 Nxd5 5. g3 Bg7 6. Bg2 Nb6 7. Nf3 Nc6 8. e3
O-O 9. O-O e5 10. d5 Ne7 11. e4 Bg4 12. a4 c6 13. h3 1/2-1/2